000 00380nam a22001457a 4500
003 MACL
005 20190628161414.0
008 190628b xxu||||| |||| 00| 0 eng d
040 _cMACL
100 _aKalis,Naseer Ahmed
_975658
245 _aPakistan and Islamic Militancy in South Asia
260 _aDelhi
_bShikha Prakashan
_c2016
650 _aTerrisim
_975659
942 _2ddc
_cBK
999 _c60343
_d60343